Aprendizaje docente y reestructuración de sus creencias en los procesos de desarrollo profesional y gestión escolar (Record no. 186176)

MARC details
000 -CABECERA
campo de control de longitud fija 02357nab a2200301 a 4500
005 - FECHA Y HORA DE LA ÚLTIMA TRANSACCIÓN
campo de control 20250129105247.0
008 - ELEMENTOS DE LONGITUD FIJA--INFORMACIÓN GENERAL
campo de control de longitud fija 991125c2016 cr tr p o 000 0 spa d
035 ## - NÚMERO DE CONTROL DEL SISTEMA
Número de control de sistema UPN01000214076
040 ## - FUENTE DE LA CATALOGACIÓN
Centro catalogador/agencia de origen UPN
Lengua de catalogación spa
Centro/agencia transcriptor UPN
Normas de descripción aacr2
049 ## - COLECCIÓN
Colección ART-E
100 1# - ASIENTO PRINCIPAL--NOMBRE PERSONAL
Nombre de persona Bailey Moreno, Josefina
Enlace - josefina.bailey@itesm.mx
100 1# - ASIENTO PRINCIPAL--NOMBRE PERSONAL
Nombre de persona Flores Fahara, Manuel
100 1# - ASIENTO PRINCIPAL--NOMBRE PERSONAL
Nombre de persona González Rivera, Petra Eufracia
245 10 - MENCIÓN DE TÍTULO
Título Aprendizaje docente y reestructuración de sus creencias en los procesos de desarrollo profesional y gestión escolar
506 0# - NOTA DE RESTRICCIONES AL ACCESO
Limitaciones de acceso Acceso abierto
520 3# - NOTA DE RESUMEN, ETC.
Sumario, etc. El objetivo de este ensayo es destacar cómo las creencias de los maestros tienen una influencia en la manera en cómo estos enseñan, así como la importancia de considerarlas en su formación y desarrollo profesional; de igual forma, se subraya que maestros y administradores escolares tienen sus propios sistemas de construcción y reestructuración de creencias y, por lo tanto, pueden ser co - creadores de sus procesos de aprendizaje y cambio organizacional. La manera en la que los docentes interpretan la enseñanza a partir de sus creencias tiene grandes implicaciones para reconocer la necesidad de propiciar experiencias significativas y espacios de reflexión, si se quiere favorecer su desarrollo profesional. Se revisó literatura que menciona estas creencias, entendidas como conocimientos útiles que guían su práctica, lo cual constituye una valiosa oportunidad para comprenderla y transformarla. Además, se analiza cómo la gestión del conocimiento organizacional puede convertirse en estrategia que logre enriquecer el desarrollo profesional de los maestros, de la enseñanza y de la escuela como espacio de aprendizaje. Asimismo, se plantean interrogantes derivadas del estado de conocimiento de esta temática, las cuales pueden constituirse en líneas de indagación futuras.
650 #4 - ASIENTO SECUNDARIO DE MATERIA - TERMINO TEMATICO
Término de materia o nombre geográfico como elemento de entrada Desarrollo profesional
9 (RLIN) 12865
650 #2 - ASIENTO SECUNDARIO DE MATERIA - TERMINO TEMATICO
Término de materia o nombre geográfico como elemento de entrada Comunidades
9 (RLIN) 22864
653 0# - TERMINO DE INDIZACION - NO CONTROLADO
Término no controlado Creencias
653 0# - TERMINO DE INDIZACION - NO CONTROLADO
Término no controlado Docentes
653 0# - TERMINO DE INDIZACION - NO CONTROLADO
Término no controlado Formación docentes
773 ## - ENLACE AL DOCUMENTO FUENTE/ENTRADA DE REGISTRO ANFITRIÓN
Parte(s) relacionada(s) Vol. 16, no. 3 (2016), p. 1-25
Título Actualidades investigativas en educación
Número Internacional Normalizado para Publicaciones Seriadas 1409-4703
856 4# - LOCALIZACIÓN Y ACCESO ELECTRÓNICOS
Identificador Uniforme del Recurso <a href="https://revistas.ucr.ac.cr/index.php/aie/article/view/25956">https://revistas.ucr.ac.cr/index.php/aie/article/view/25956</a>
856 4# - LOCALIZACIÓN Y ACCESO ELECTRÓNICOS
Identificador Uniforme del Recurso <a href="https://doi.org/10.15517/aie.v16i3.25956">https://doi.org/10.15517/aie.v16i3.25956</a>
902 ## - ELEMENTOS DE DATOS B LOCAL, LDB (RLIN)
Creó Gloria Jiménez/290125
905 ## - TIPO DE MATERIAL
Tipo de material Articulo
942 ## - ELEMENTOS DE PUNTO DE ACCESO ADICIONAL (KOHA)
Tipo de ítem Koha Artículo Electrónico
Holdings
Estado de retiro Estado de pérdida Estado dañado No para préstamo Código de colección Localización permanente Ubicación/localización actual Ubicación en estantería Fecha de adquisición Total de préstamos Fecha visto por última vez Identificador Uniforme del Recurso Precio válido a partir de Tipo de ítem Koha
        Acceso abierto Bib. Gregorio Torres Quintero Bib. Gregorio Torres Quintero En línea 29/01/2025   29/01/2025 https://doi.org/10.15517/aie.v16i3.25956 29/01/2025 Artículo Electrónico